Największe stadiony piłkarskie w Polsce - Statystyki

Ogólne statystyki
  • Ten quiz został rozwiązany 204 razy
  • Średni wynik to 7 z 20
Statystyki odpowiedzi
Stadion Pojemność % Poprawnych
Stadion Narodowy im. Kazimierza Górskiego w Warszawie 58,580
97%
ENEA Stadion 42,837
80%
Stadion Miejski we Wrocławiu 42,771
75%
Stadion Śląski 55,211
73%
Stadion w Gdańsku 41,620
57%
Stadion Wojska Polskiego w Warszawie 31,106
45%
Stadion Miejski im. Henryka Reymana 33,130
32%
Arena Lublin 15,247
27%
Stadion Cracovii im. Józefa Piłsudskiego 15,016
27%
Stadion Miejski w Gdyni 15,139
27%
Arena Kielce 15,500
24%
Stadion Miejski im. Floriana Krygiera 21,163
23%
Stadion Miejski w Białymstoku 22,372
22%
Stadion Miejski Widzewa Łódź 18,018
22%
Stadion im. Ernesta Pohla w Zabrzu 31,871
20%
Stadion Miejski w Łodzi 18,029
16%
Stadion w Lubinie 16,086
12%
Stadion miejski w Tychach 15,150
5%
Stadion im. Zdzisława Krzyszkowiaka 20,559
2%
Stadion RKS Skra 35,000
2%
Nie znaleziono quizów pasujących do podanych kryteriów
Rozkład punktacji
Procent ludzi z każdym wynikiem
Percentyl według liczby udzielonych odpowiedzi
Twoja historia wyników
Nie rozwiązałeś tego quizu